00458nam a22001575i 450000100060000000300090000600500170001500700030003200800410003504000200007610000370009624500460013326000670017930000320024685200220027868611ES-MaACL20250805064133.0t|960812s1877 fr ||||1| fre d aCAM bspa cCAM1 aGautier, Théophile,d1811-187210aRomans et contes / cThéophile Gautier. aParis : bG. Charpentier, c1877 (fimprimerie de E. Martinet) a[4], 458, [1] p. ; c18 cm. aES-MaACLjG-14482